| 000 | 00430nam a2200157 i 4500 | ||
|---|---|---|---|
| 001 | bg | ||
| 100 | 1 |
_aBańka, Józef _d(1934- ). |
|
| 245 | 0 |
_aRecentywizm w teorii poznania praktycznego : _bteraźniejszość jako czynnik recepcji kulturowej / _cJózef Bańka. |
|
| 260 |
_aKatowice, _c1983. |
||
| 040 | _cBPK | ||
| 041 | _apol | ||
| 080 | _a930.1 | ||
| 080 | _a165 | ||
| 942 | _cKS | ||
| 008 | s pl f |000 0 pol | ||
| 999 |
_c22409 _d22409 |
||
| 856 |
_uhttp://koha.tu.koszalin.pl/cgi-bin/koha/opac-detail.pl?biblionumber=22409 _yKatalog online BPK |
||